000 03153nam a2200409 i 4500
001 194046
003 ES-MaACL
005 20260216183913.0
008 240219s2023 sp 000 0 spa d
017 _aCC 00284-2023
_bOficina Depósito Legal Cáceres
020 _a9788412725032
040 _aES-MaCSI
_bspa
_cES-MaACL
080 _a726.821(460.25)
100 1 _aRamos Rubio, José Antonio,
_d1963-
_eaut
_9174430
245 1 3 _aLa escultura funeraria en Extremadura :
_bel culto a los antepasados en la historia de Extremadura /
_cJosé Antonio Ramos Rubio, José Luis Pérez Mena, Oscar de San Macario Sánchez
_h[Texto impreso]
260 _aCáceres :
_bTau Editores,
_cD.L. 2023.
264 _a©2023
300 _a216 páginas :
_bilustrado ;
_c23 cm
336 _2rdacontent
_atexto
337 _2rdamedia
_asin mediación
338 _2rdacarrier
_avolumen
504 _aBibliografía: páginas 199-216
520 _aEl libro versa sobre el fenómeno funerario extremeño con una visión completa, desde la Prehistoria hasta la realidad más próxima, con una clara labor de investigación, trabajo de campo, identificación, contextualización e interpretación de las obras y piezas, no siempre fáciles de contextualizar por la carencia de información, pero que los autores han sabido analizar con éxito y constancia. Dentro de cada uno de los períodos históricos, hay un capítulo inicial de análisis, que recoge y da forma a lo recolectado en el segundo, en forma de catálogo, donde se describe de forma pormenorizada cada resto funerario, y se interpreta desde el punto de vista del autor los puntos más controvertidos. También, se analiza el mundo de las mentalidades y del pensamiento mágico-religioso en los que se basa la ritualidad y costumbres funerarias que dan lugar a estas esculturas funerarias o monumentos fúnebres. La historiografía artística de Extremadura se viene consolidando en los últimos años gracias a una serie de estudios construidos con rigor científico. La escultura funeraria extremeña adolece aún de investigaciones. Este desinterés proviene del desinterés que ha tenido en nuestra región el mundo funerario no sólo en la Prehistoria sino también en otras épocas de la Historia.
650 7 _aSepulcros-
_zEspaña
_9153086
650 0 _aEscultura funeraria-
_zExtremadura
_2CSICAU
_9235662
700 1 _9234891
_aPérez Mena, José Luis,
_d1962-
_eaut
700 _9235664
_aSan Macario Sánchez, Óscar de
_eaut
852 _aES-MaACL
_bR.155067
_cDEPOJ
_jN-9835
_xEncuadernación rústica con solapas
_hDonación: José Antonio Ramos Rubio ; Jose Luis Pérez Mena ; Oscar de San Macario Sánchez
_9202181
903 _aRamos Rubio, José Antonio,
_d1963-
_ednr
_9174430
903 _9234891
_aPérez Mena, José Luis,
_d1962-
_ednr
903 _9235664
_aSan Macario Sánchez, Óscar de
_ednr
942 _cMONOGRAFIA
_n0
999 _c194046
_d194046